| 000 | 00415nam a2200157Ia 4500 | ||
|---|---|---|---|
| 008 | 230917s9999||||xx |||||||||||||| ||und|| | ||
| 020 | _cPOU64 | ||
| 040 |
_e16500 _aMAIN |
||
| 041 | _aEnglish | ||
| 082 | _a547.139 L329R | ||
| 100 | _aLarson, Richard A | ||
| 245 | 0 | _aReaction mechanism in environmental organic chemistry | |
| 260 |
_aBoca Raton _bLewis Publishers _c1994 |
||
| 300 | _axiii, 433 p. | ||
| 942 | _cBK | ||
| 999 |
_c98935 _d98935 |
||